[Event "FIN-ch U18"]
[Site "Valkeakoski"]
[Date "2018.06.07"]
[Round "2"]
[White "Salmelin, Aaro"]
[Black "Laitamaki, Veikko"]
[Result "1-0"]
[WhiteElo "2048"]
[BlackElo "1493"]
[PlyCount "47"]
[EventDate "2018.06.07"]
[EventType "tourn"]
[EventRounds "7"]
[EventCountry "FIN"]
[SourceTitle "EXT 2022"]
[Source "ChessBase"]
[SourceDate "2021.10.06"]
[SourceVersion "1"]
[SourceVersionDate "2021.10.06"]
[SourceQuality "1"]

1. d4 d6 2. e4 Nf6 3. Nc3 g6 4. Nf3 Bg7 5. h3 0-0 6. Be3 c6 7. Bd3 Nbd7 8. Qd2 b5 9. 0-0 Nb6 10. Ne2 Re8 11. c3 Nc4 12. Bxc4 bxc4 13. Ng3 Bb7 14. Qe2 d5 15. e5 Nd7 16. e6 fxe6 17. Ng5 e5 18. dxe5 Bxe5 19. Bd4 Bxd4 20. Qe6+ Kg7 21. Qf7+ Kh6 22. Ne6 Qc8 23. Qf4+ g5 24. Qxg5# 1-0